Random Star Wars Characters by Picture - Statistics

General Stats
  • This quiz has been taken 1,510 times
  • The average score is 14 of 20
Answer Stats
Picture Answer % Correct
Darth Vader
98%
R2-D2
98%
C-3PO
97%
Chewbacca
97%
Han Solo
97%
Jabba the Hutt
97%
Luke Skywalker
97%
Princess Leia
97%
Yoda
97%
Anakin Skywalker
96%
Darth Maul
96%
Obi-Wan Kenobi
96%
Jar Jar Binks
95%
Boba Fett
94%
Rey Skywalker
94%
The Emperor
94%
Lando Calrissian
92%
Padme Amidala
92%
Mace Windu
91%
Kylo Ren
89%
BB-8
88%
Count Dooku
88%
Qui-Gon Jinn
88%
General Grievous
86%
Jango Fett
86%
Finn
84%
Greedo
82%
Grand Moff Tarkin
81%
Snoke
81%
Admiral Ackbar
80%
Wicket
78%
Owen Lars
76%
Shmi Skywalker
71%
Poe Dameron
69%
Cassian Andor
67%
Beru Lars
64%
Captain Phasma
64%
Jyn Erso
64%
Rose Tico
64%
Watto
64%
Bossk
61%
Mon Mothma
60%
General Hux
58%
Maz Kanata
58%
Wedge Antilles
53%
Nute Gunray
51%
Bib Fortuna
47%
Admiral Holdo
43%
K-2SO
41%
Biggs Darklighter
39%
Dengar
39%
Poggle the Lesser
39%
General Veers
38%
Qi'ra
36%
Nien Nunb
31%
Chirrut Imwe
30%
Admiral Piett
26%
Tobias Beckett
25%
Dryden Vos
22%
Enfys Nest
19%
General Dodonna
13%
L3-37
12%
No matching quizzes found
Score Distribution
Percent of People with Each Score
Percentile by Number Answered
Your Score History
You have not taken this quiz